00252nam a2200121Ia 4500003000400000005001700004008004100021020000800062040001700070100001000087245002500097260000800122OSt20240322150749.0170523s9999 xx 000 0 und d anil ciimtu meerut aKUOTT 0aFINANCIAL MANAGEMENT bPHI